Studnica talentov nevysychá

Bibliographic Details
Main Author: (mt) (Author)
Corporate Author: Východoslovenské železiarne (Košice, Slovensko) (Author)
Format: Article
Language:Slovak
Subjects:

MARC

LEADER 00000nab a2200000 a 4500
001 vtls000913067
003 SK-MaSNL
005 20260302174440.0
008 040720e19910725xo 0 slo
035 |a KE21970 
040 |a KEVKJB  |b slo  |c KEVKJB  |e AACR2 
041 0 |a slo 
044 |a xo  |c SK 
080 |a 796.322  |2 1981 
100 0 |a (mt)  |4 aut  |9 873900 
245 1 0 |a Studnica talentov nevysychá 
610 2 7 |a Východoslovenské železiarne (Košice, Slovensko)  |2 KEVKJB 
611 1 7 |a Pohár IHF  |2 KEVKJB  |9 884202 
650 0 7 |a hádzaná  |2 KEVKJB  |9 3292 
650 0 7 |a liga I.  |2 KEVKJB  |9 877980 
650 0 7 |a prípravy  |2 KEVKJB  |9 315432 
650 0 7 |a informácie  |2 KEVKJB  |9 1285 
651 7 |a KE,  |2 KEVKJB  |9 877256 
655 7 |a periodikum  |2 snkbucl  |9 29553 
710 2 |a Východoslovenské železiarne (Košice, Slovensko)  |4 aut 
773 0 8 |t Slovenský východ  |g Roč. 1  |g Roč. 20, č.172, 25.7.1991, s. 6 
852 |a ZVYKNI  |b KIS3GCP 
999 |c 1404078  |d 1406008